| 000 | 01262cam a22001814a 4500 | ||
|---|---|---|---|
| 005 | 20250605164002.0 | ||
| 008 | 250528s ||||||||||||||||||||||||d | ||
| 035 | _a15687 | ||
| 020 | _a140226184 | ||
| 040 |
_aGR-AtMCL _bgre _dGR-AtMCL _eAACR2 |
||
| 245 | 1 | _aA Question of Economics / A Channel Four Book in association with Yorkshire Television | |
| 260 |
_bPenguin Books, _c1985 |
||
| 520 | _aThis book has been designed for everyone who is bemused by the typical presentation of economic news in the media. Preface, Can we Afford the Dole?, Is Britain Going Bust?, Have we Forgotten the Thirties?, What's Happened to Inflation?, The Money Supply, Is Government Borrowing Too Much?, Does the Decline in Manufacturing Matter?, Can we Spend Our Way Out of Trouble?, No Island is an Island?, How Have Others Coped?, Can we Ever Get Back to Full Employment?, Which Way for the Market? More or Less Equal?, Welfare State or Going Private?, Public or Private Enterprise?, Is the City Doing a Proper Job?, Is Big Business Out of Control?, What Should be Done about the Unions?, Are You Happy in Your Work?, The Right to Manage?, Whose Economy is it Anyway?, Index. | ||
| 700 | 1 |
_aDonaldson Peter _91658 |
|
| 942 | _cBK | ||
| 999 |
_c1249 _d1249 |
||